000 01132nam a2200265 a 4500
001 000009447
005 20250227073849.0
008 090930s1995 dr ac r 001 0 spa d
040 _aDO-SdBNP
_bspa
_cBNPHU
082 _aRD861.44
_bR918m
100 1 _aRueda, Manuel,
_d1921-1999
_922834
245 1 0 _aMateria del amor /
_cManuel Rueda ; selección y prólogo de José Alcantara Almanzar ; ilustración Frank Suárez ; presentación José Andrés Aybar Sánchez.
260 _aSanto Domingo :
_bSecretaría de Estado de Educación ;
_bPlan Decenal de Educación,
_c1995.
300 _aXXXIII, 274 p. :
_bil., retrs. ;
_c19 cm.
490 1 _aBiblioteca dominicana básica
_v2
590 _aInventariado, 2018/BT
650 4 _aRueda, manuel,
_d1921-1999
_xCrítica e interpretación
_924248
650 0 _aPoesía dominicana
_966
650 0 _aLiteratura dominicana.
_967
700 1 _aSuárez, Frank,
_eil.
_910209
700 1 _aAybar Sánchez, José Andrés
_918786
700 1 _aAlcántara Almánzar, José
_d1946-
_epról.
_97018
830 0 _aBiblioteca dominicana básica
_n2
_924250
910 _aValidado. Control de calidad. MMOLINA
999 _c9207
_d9207